Countries with more than one U in their name - Statistics

General Stats
  • This quiz has been taken 68 times
  • The average score is 8 of 12
Answer Stats
Answer % Correct
Uruguay
92%
Nauru
75%
Tuvalu
75%
Vanuatu
75%
Equatorial Guinea
73%
South Sudan
73%
Guinea-Bissau
71%
Burundi
67%
Antigua and Barbuda
65%
Luxembourg
62%
Papua New Guinea
60%
Mauritius
54%
No matching quizzes found
Score Distribution
Percent of People with Each Score
Percentile by Number Answered
Your Score History
You have not taken this quiz